| 000 | 01058nam2a22002771 4500 | ||
|---|---|---|---|
| 001 | v19\rc\1978002 | ||
| 005 | 20251118181147.9 | ||
| 035 | _a(NLR Aleph) 005061545 | ||
| 090 |
_a7001467 _c7001467 |
||
| 100 | _a20080623d1914 u y0rusy50 ca | ||
| 101 | 0 | _arus | |
| 102 | _aRU | ||
| 105 | _aa z ||||| | ||
| 200 | 1 |
_aВзвод, эскадрон, полк, высшие соединения _aЧ. 3. Бой _eИспр. по 1 мая 1914 г. |
|
| 210 | _d1914 | ||
| 215 |
_a379 с. _cил. |
||
| 461 | 0 |
_1001v19\rc\1978000 _12001#$aСтроевой кавалерийский устав$eВыс. утв. 12 февр. 1912 г. Ч. 1$vЧ. 2 _97001450 _cПетроград _d1914 _nВ. Березовский _oВыс. утв. 12 февр. 1912 г. Ч. 1 _tСтроевой кавалерийский устав _vЧ. 2 |
|
| 517 | 0 | _aБой | |
| 801 | 0 |
_aRU _bNLR _gpsbo |
|
| 801 | 0 |
_aRU _bRuMoRGB _2psbo |
|
| 801 | 1 |
_aRU _bProSoft-M _2rusmarc |
|
| 852 |
_aNLR _jDesideratum |
||
| 899 |
_aRuMoRGB _jU 84/877 |
||
| 899 |
_aRuMoRGB _jΔ 435/116 |
||
| 942 | _cBOOK | ||
| 980 | _aNB | ||